000 00659nam a2200241Ia 4500
005 20231128111825.0
008 131103s9999 xx 000 0 und d
020 _a8188965413
_cRs 600
040 _aLoreto College
041 _aEnglish
082 _a396
_bDHA
245 _aReservations for Women
_cEdited by Meena Dhanda
260 _aNew Delhi
_bWonmen Unlimited
_c2008
300 _axl,390p
440 _aIssues in contemporary Indian Feminism
504 _aIncludes bibliographical references
630 _aWomen Studies
650 _aGender Studies
651 _aFeminism
700 _aDhanda, Meena, ed
850 _aLCLIB
942 _cBK
999 _c28544
_d79023